000 00999nam a22002055i 4500
001 54502
003 ES-MaACL
005 20230906162950.0
007 t|
008 960702s1880 sp ||||1| spa d
100 1 _aFournier González, Gervasio.
_9202793
245 1 0 _aMemoria presentada a la Real Academia de la Historia el año de 1874, sobre la verdadera situación del pueblo de Urci en la España antigua, y sobre los límites de las antiguas provincias Bética y Tarraconense :
_bilustrada con dos cartas geográficas para su mejor estudio /
_cpor Gervasio Fournier.
260 _aValladolid :
_b[s.n.],
_c1880 (
_fEstab. tip. de F. Santarén)
300 _a34 p., [1] h. de mapa ;
_c28 cm.
651 4 _aUrci (Ciudad desaparecida)
_9149166
710 2 _aReal Academia de la Historia (España)
_96309
852 _aES-MaACL
_jT-387-F-10
_z- Enc. en un vol. facticio, falto de cub. original
852 _aES-MaACL
_jT-1252-F-12
_z.- Dedicatoria manuscrita del autor
999 _c54502
_d54502